000 00979nam0a22002771 4500
001 RU\INFOCOMM_322\NLR\5000110677
005 20250613105036.0
035 _a(NLR Aleph) 009517624
090 _a8806553
_c8806553
100 _a20121214d1974 |||y0rusy50 ca
101 1 _afre
_crus
102 _aRU
105 _ay z |||||
200 1 _aLénine et la construction du socialisme en U.R.S.S.
_e[Trad. du russe ...]
_fDmitri Koukine
210 _aM.
_c"Progrès"
_dˆCop.‰1974
215 _a292 с.
_d18 см
300 _aВ вып. дан.: Д. М. Кукин. Ленинский план построения социализма в СССР и его осуществление
620 _aМосква
686 _aТ3(2)7,1
_2rubbk
700 1 _9z01790
_aKukin
_bD. M.
_gDmitrij Michajlovič
790 1 _9z01700
_aKoukine
_bD.
_gDmitri
_4070
801 1 _aRU
_bInfocomm
_c20121214
801 0 _aRU
_bINFOCOMM
_gPSBO
852 _aNLR
_jИр51 Д-3/99
942 _cBOOK
980 _aNB